000 01382nam a2200229Ia 4500
003 Ost
005 20260507075046.0
008 260507s9999||||xx |||||||||||||| ||und||
040 _cfsecg
041 _aara
082 _a330
100 _aعزمي، محمد مدحت
_eمؤلف
245 0 _aالواردات والصادرات والتعريفة الجمركية مع دراسة للسوق العربية المشتركة /
_c محمد مدحت عزمي
260 _aالإسكندرية:
_bمكتبة ومطبعة الإشعاع الفنية,
_c2002
300 _a308 صفحة؛
_bإيضاحات ؛
_c24 سم
504 _aببليوغرافيا: ص. 301
520 _aالتبادل التجاري الدولي وظاهرة العولمة-تطوير أنظمة الجمارك والإستيراد والتصدير وفقا للإصلاح الإقتصادي المصري-الغايات المستهدفة من التعريفة الجمركية-أسس تطبيق التعريفة الجمركية-القطاع الخاص وعمليات التصدير-مكافحة التهريب الجمركي والإغراق والدعم-نحو سوق عربية مشتركة بدون حواجز جمركية وغير جمركية
653 _aالجمارك
653 _aالرسوم الجمركية
653 _aالسوق العربية المشتركة
942 _cكتاب
999 _c42579
_d42579